INHERITANCE , HIERARCHY AND CASTE (Record no. 204533)

MARC details
000 -LEADER
fixed length control field 00793nam a22002897a 4500
003 - CONTROL NUMBER IDENTIFIER
control field dpl
005 - DATE AND TIME OF LATEST TRANSACTION
control field 20240726144512.0
008 - FIXED-LENGTH DATA ELEMENTS--GENERAL INFORMATION
fixed length control field 240305b |||||||| |||| 00| 0 eng d
010 ## - LIBRARY OF CONGRESS CONTROL NUMBER
LC control number ENG-141013 ENG-141013
020 ## - INTERNATIONAL STANDARD BOOK NUMBER
Terms of availability 1395.00
International Standard Book Number 9789354791994
035 ## - SYSTEM CONTROL NUMBER
System control number EN-124545
035 ## - SYSTEM CONTROL NUMBER
System control number EN-124545
035 ## - SYSTEM CONTROL NUMBER
System control number EN-124545
037 ## - SOURCE OF ACQUISITION
Source of stock number/acquisition DBAD
040 ## - CATALOGING SOURCE
Transcribing agency .
082 ## - DEWEY DECIMAL CLASSIFICATION NUMBER
Classification number 320.954
100 ## - MAIN ENTRY--PERSONAL NAME
Personal name Wanjari Soindaji Dhananjay
9 (RLIN) 62808
245 ## - TITLE STATEMENT
Title INHERITANCE , HIERARCHY AND CASTE
260 ## - PUBLICATION, DISTRIBUTION, ETC. (IMPRINT)
Place of publication, distribution, etc New Delhi
Name of publisher, distributor, etc Sage Publication
Date of publication, distribution, etc 2022
270 ## - ADDRESS
Address B1/l - 1 mohan cooperative Indusrtrial area
City New Delhi
Postal code 110044
300 ## - PHYSICAL DESCRIPTION
Extent 340Pages
Dimensions 22cm,(hb)
700 ## - ADDED ENTRY--PERSONAL NAME
9 (RLIN) 62809
700 ## - ADDED ENTRY--PERSONAL NAME
9 (RLIN) 62810
700 ## - ADDED ENTRY--PERSONAL NAME
9 (RLIN) 62811
700 ## - ADDED ENTRY--PERSONAL NAME
9 (RLIN) 62818
942 ## - ADDED ENTRY ELEMENTS (KOHA)
Source of classification or shelving scheme Dewey Decimal Classification
Koha item type English Books
Classification part 070.449363
Call number suffix POO

No items available.


© Delhi Public Library
Hit Counter
free hit counter